00489nam a2200181Ia 4500003000400000005001700004008004100021020002200062040000700084041000800091082002300099100001800122245008500140260003200225300001500257365001400272650002100286OSt20230401130450.0210423s2017 xx 000 0 und d a978-1-4398-6611-5 cAL aeng a610.284 223bABUI aABUHAV (Itay) aISO 13485: a complete guide to quality management in the medical device industry aBoca RatonbCRC Pressc2017 axi,361bPB b4266cGBP aMedical Sciences